| 000 | 005620000a22001690004500 | ||
|---|---|---|---|
| 090 |
_aAR _b00565 |
||
| 245 | 1 | 0 | _aClinical observations on captive and free ranging west Indian manatees Trichechus manatus in Florida |
| 650 | 1 | 4 |
_aMamíferos acuáticos _993274 |
| 650 | 1 | 4 |
_aInformación biológica _993624 |
| 650 | 1 | 4 |
_aSalud animal _993625 |
| 651 | 4 |
_dFlorida _pEstados Unidos _992749 |
|
| 653 |
_gTrichechus _eTrichechus manatus |
||
| 041 | 0 | _aInglés | |
| 100 | 1 |
_aIrvine, A. Blair _993279 |
|
| 942 | _cARTICULO | ||
| 773 | 1 |
_tAquatic Mammals _3217 _h1 _q2-10 _d1980 _g8 |
|
| 999 |
_c9657 _d9657 |
||